Universitäten, die Pharmazie anbieten - Statistiken

Allgemein
  • Dieses Quiz wurde 81 mal gespielt
    25 seit der letzten Aktualisierung
  • Das Durchschnittsergebnis liegt bei 19 aus 22
Antwortstatistiken
Bundesland Universität % Korrekt
Freie Universität Berlin
100%
Hessen Johann Wolfgang Goethe-Universität Frankfurt am Main
100%
Bayern Ludwig-Maximilians-Universität München
100%
Baden-Württemberg Albert-Ludwigs-Universität Freiburg
95%
Thüringen Friedrich Schiller-Universität Jena
95%
Saarland Universität des Saarlandes
95%
Universität Hamburg
95%
Schleswig-Holstein Christian-Albrechts-Universität zu Kiel
89%
Bayern Friedrich-Alexander-Universität Erlangen-Nürnberg
89%
Rheinland-Pfalz Johannes Gutenberg-Universität Mainz
89%
Nordrhein-Westfalen Rheinische Friedrich-Wilhelms-Universität Bonn
89%
Baden-Württemberg Ruprecht-Karls-Universität Heidelberg
89%
Sachsen Universität Leipzig
89%
Nordrhein-Westfalen Heinrich-Heine-Universität Düsseldorf
84%
Mecklenburg-Vorpommern Universität Greifswald
84%
Bayern Julius-Maximilians-Universität Würzburg
79%
Nordrhein-Westfalen Universität Münster
79%
Sachsen-Anhalt Martin-Luther-Universität Halle-Wittenberg
74%
Niedersachsen Technische Universität Braunschweig
74%
Bayern Universität Regensburg
68%
Baden-Württemberg Eberhard Karls Universität Tübingen
63%
Hessen Philipps-Universität Marburg
63%
Keine übereinstimmenden Quizze gefunden
Verteilung der Resultate
Anzahl Personen mit jedem Resultat
Perzentil nach korrekt beantworteten Fragen
Ihre Resultats-Entwicklung
Sie haben dieses Quiz seit der letzten Aktualisierung nicht gespielt